00396 a2200121 450000500170000002000220001708200150003910000150005424500530006926000710012230000630019370000180025620250716101226.0 a978-9987-9539-3-6 a001.43 MLO aMLOWE,L.K. aResearch Methodology and Consultancy Techniques. aDar es salaam,bNational Board of Accountants and Auditors,c2012. axv,268p.:ill.figures, tables, picturesbBibliographyc23cm aDiyamett,M.L.